000
00348nam a2200133Ia 4500
008
151213s9999 xx 000 0 und d
100
_a
P.H Parry
245
_a
York Notes on Selected Poems:William Wards Warth
_c
P.H Parry
260
_a
Harlow Essax
_b
Longman
_c
1982
300
_a
1895 p.
650
_a
English
700
_a
P.H Parry
999
_c
1400
_d
1400